Νικόλας Γύζης : ο άγνωστος 1842-1902

Αποθηκεύτηκε σε:
Λεπτομέρειες βιβλιογραφικής εγγραφής
Κύριος συγγραφέας: Καλλιγάς, Μαρίνος, 1906-1985
Μορφή: Βιβλίο
Γλώσσα:Greek
Δημοσίευση: Αθήνα : Μορφωτικό Ιδρυμα Εθνικής Τραπέζης, 1980
Θέματα:
Ετικέτες: Προσθήκη ετικέτας
Δεν υπάρχουν, Καταχωρήστε ετικέτα πρώτοι!

MARC

LEADER 00000nam a2200000 i 4500
001 1/46294
008 961120s1980 gre d
035 |l 10026295 
040 |a GR-MY-UA  |b gre  |e aacr 
041 0 |a gre 
082 0 |a 759.495 
100 1 |a Καλλιγάς, Μαρίνος,   |d 1906-1985. 
245 1 0 |a Νικόλας Γύζης :  |b ο άγνωστος 1842-1902 /  |c Μαρίνος Καλλιγάς 
260 |a Αθήνα :   |b Μορφωτικό Ιδρυμα Εθνικής Τραπέζης,   |c 1980 
300 |b ill. 
600 1 0 |a Γύζης, Νικόλαος,   |d 1842-1901. 
650 0 0 |a Painting, Greek. 
650 0 0 |a Art, Greek. 
852 |a INST  |b CHIOS  |e 19961120  |h 759.495 ΚΑΛ  |p 005200010934  |q 005200010934  |t BK  |y 0 
909 |a Χ  |b 047929